000 00778nam a2200253Ia 4500
003 OSt
005 20220926024441.0
006 a|||||r|||| 00| 0
007 ta
008 220923b |||||||| |||| 00| 0 eng d
020 _a0631154833
_ceuro 2950
037 _b325, 22/09/1987, SBD
_cGeneral Book
040 _aRTL
_cRTL
_beng
041 _2eng
_aeng
082 _aX:3M24xM18, M7
100 _aCarchedi Guglielso
_9330732
245 0 _aClass analysis and social research
260 _aOxford
_bBasil Blackwell USA
_c1987
300 _a289p
_ccm.
500 _aBibliography P 274-83
650 _aEconomics Classes Karl Marx
_9230895
942 _hX:3M24xM18, M7
_cGB
_2CC
999 _c644275
_d644275